| 000 | 00476nam a2200157Ia 4500 | ||
|---|---|---|---|
| 999 |
_c6174 _d6174 |
||
| 020 | _a9781412911139 | ||
| 082 | _a004.678 DOC-I | ||
| 100 | _aDochartaigh, Niall O' | ||
| 245 | 0 | _aInternet research skills: how to do your literature search and find research information online | |
| 260 |
_aLos Angeles _bSage Publications _c2007 |
||
| 300 | _axi, 169 | ||
| 504 | _aincludes bibliography and index | ||
| 650 | _aInternet research | ||
| 650 | _aInternet searching | ||
| 942 | _cBK | ||